<?xml version="1.0" encoding="UTF-8"?>
<marc:record xmlns:marc="http://www.loc.gov/MARC21/slim">
   <marc:leader>00000nam a2200000 a 4500</marc:leader>
   <marc:datafield ind1=" " ind2=" " tag="653">
      <marc:subfield code="a">Kassette / Kinder- und Jugendbücher/Jugendbücher ab 12 Jahre</marc:subfield>
   </marc:datafield>
   <marc:datafield ind1=" " ind2=" " tag="653">
      <marc:subfield code="a">CD</marc:subfield>
   </marc:datafield>
   <marc:datafield ind1="0" ind2="0" tag="245">
      <marc:subfield code="a">Die Tribute von Panem</marc:subfield>
   </marc:datafield>
   <marc:datafield ind1="0" ind2="0" tag="245">
      <marc:subfield code="c">Suzanne Collins</marc:subfield>
   </marc:datafield>
   <marc:datafield ind1=" " ind2="1" tag="264">
      <marc:subfield code="a">Hamburg</marc:subfield>
      <marc:subfield code="b">Oetinger</marc:subfield>
      <marc:subfield code="c">2012</marc:subfield>
   </marc:datafield>
   <marc:datafield ind1="1" ind2=" " tag="520">
      <marc:subfield code="a">Angaben aus der Verlagsmeldung

Die Tribute von Panem. Tödliche Spiele (6 CD) : Gekürzte Audioversion, Sonderausgabe / von Suzanne Collins

Die Spiele beginnen. Limitierte Sonderausgabe zum Kinostart. Die jährlichen Spiele von Panem: von 24 Kandidaten überlebt nur einer. Früher oder später werden sich also auch die beiden Liebenden Katniss und Peeta gegenüber stehen. In der Arena schließen sie ein Bündnis! Die Buchvorlage ist mit dem Jugendliteraturpreis ausgezeichnet. www.dietributevonpanem.de
</marc:subfield>
   </marc:datafield>
   <marc:datafield ind1=" " ind2=" " tag="020">
      <marc:subfield code="a">9783837306026</marc:subfield>
      <marc:subfield code="9">9783837306026</marc:subfield>
   </marc:datafield>
   <marc:datafield ind1=" " ind2=" " tag="020">
      <marc:subfield code="a">383730602X</marc:subfield>
      <marc:subfield code="9">383730602X</marc:subfield>
   </marc:datafield>
   <marc:datafield ind1="0" ind2=" " tag="490">
      <marc:subfield code="v">0</marc:subfield>
   </marc:datafield>
   <marc:datafield ind1=" " ind2=" " tag="300">
      <marc:subfield code="a">6 CDs (ca. 381 Min.)</marc:subfield>
   </marc:datafield>
</marc:record>
